Boží hlas

Bibliographic Details
Main Author: Ady, Endre, 1877-1919 (Author)
Other Authors: Hlbina, Pavol G., 1908-1977 (Translator)
Format: Article
Language:Slovak
Hungarian

MARC

LEADER 00000nab a2200000uu 4500
001 vtls011520679
003 SK-MaSNL
005 20260303181421.0
008 230704|1948 xo |||||||||||||||||slo|
015 |a SNBRB 
035 |a (urnnbn)urn:nbn:sk:snk:ar-0021jt 
035 |a (uuid)dfd080fb-50f9-47d4-aed6-05ee2caf022e 
035 |a urn:nbn:sk:snk-abe93i 
040 |a SNKBUCL  |b slo  |c SNKBUCL  |e AACR2 
041 1 |a slo  |h hun 
044 |a xo  |c SK 
100 1 |a Ady, Endre,  |d 1877-1919  |4 aut  |9 219074 
245 1 0 |a Boží hlas  |c Endre Ady ; preložil P. G. Hlbina 
700 1 |a Hlbina, Pavol G.,  |d 1908-1977  |4 trl  |9 38065 
773 0 |t Slovenské pohľady  |g Roč. 64, č. 4 (1948), s. 229-230 
850 |a Slovenská národná knižnica 
852 |a Slovenská národná knižnica 
954 |a beletria cudzojazyčná (svetová)  |2 lita 
958 |a OND 
958 |a EUIPO 
958 |a article21 
999 |c 2111921  |d 2113851